| 000 | 00479 a2200169 4500 | ||
|---|---|---|---|
| 020 | _a0-07-033157-X | ||
| 040 |
_aDLC _bDLC |
||
| 082 | _a621.31 | ||
| 100 | 1 | _aKabisama, Henslay William | |
| 245 | 0 | 0 |
_aElectrical power engineering _cH.W. Kabisama |
| 260 |
_aNew York : _bMcGraw-Hill, _ccop. 1993 |
||
| 300 |
_axii, 292 s. : _bill. |
||
| 650 | 7 | _aElectric power systems | |
| 650 | 7 | _aElectrical engineering | |
| 650 | 7 | _aElectric power engineering | |
| 942 |
_cBK _k621.31 KAB _2ddc |
||
| 999 |
_c7926 _d7926 |
||